000 00320nam a22001337a 4500
008 180119b xxu||||| |||| 00| 0 eng d
020 _a9780756689001
041 _aeng
080 _a2
100 _a24
101 _aTEO
245 _aThe vatican secrects and treasures of the holy city
_cCollins,F.M
942 _2udc
_cBK
999 _c40599
_d40599